Procurement of hospitality resources (Record no. 164950)

MARC details
000 -LEADER
fixed length control field 00375nam a2200145Ia 4500
008 - FIXED-LENGTH DATA ELEMENTS--GENERAL INFORMATION
fixed length control field 230917s9999||||xx |||||||||||||| ||und||
040 ## - CATALOGING SOURCE
-- 195078
Original cataloging agency VIVEKANANDA LIBRARY
041 ## - Language
-- English
082 ## - DDC NUMBER
Classification number 647.94068 N622P
100 ## - MAIN ENTRY--PERSONAL NAME
Personal name Ninemeier, Jack D
245 #0 - TITLE STATEMENT
Title Procurement of hospitality resources
260 ## - PUBLICATION, DISTRIBUTION, ETC. (IMPRINT)
Place of publication, distribution, etc Boston
Name of publisher, distributor, etc Prentice Hall
Date of publication, distribution, etc 2010
300 ## - PHYSICAL DESCRIPTION
Pages xxiii, 600 p.
942 ## - ADDED ENTRY ELEMENTS (KOHA)
Koha item type Books
Holdings
Withdrawn status Lost status Damaged status Not for loan Location (home branch) Sublocation or collection (holding branch) Shelving location Date acquired Koha issues (times borrowed) Koha full call number Accession No. Koha date last seen Koha item type
        VIVEKANANDA LIBRARY VIVEKANANDA LIBRARY IHTM Library 21/12/2011   647.94068 N622P 303502 17/09/2023 Books
© Designed and Maintained by Vivekananda Library, MDU Rohtak